000
00291nam a22001217a 4500
040
_c
SY
082
_a
330
100
_a
ហ៊ីង សាលីន
245
_a
សេដ្ឋកិច្ចសង្គមជនបទ
260
_a
RUA
_b
ហ៊ីង
_c
2005
300
_a
42p.
942
_c
KB
999
_c
9076
_d
9076